The Christmas Carol : Ca Khúc Giáng Sinh /

محفوظ في:
التفاصيل البيبلوغرافية
المؤلف الرئيسي: Charles Dickens
التنسيق: كتاب
اللغة:English
منشور في: Văn Hóa sài Gòn, 2009.
الموضوعات:
الوسوم: إضافة وسم
لا توجد وسوم, كن أول من يضع وسما على هذه التسجيلة!
Thư viện lưu trữ: Mạng thư viện Đại học Đà Nẵng
LEADER 00997nam a22003011a 4500
001 000035283
003 11560
005 20240917163753.0
008 151111s2009 000 eng
020 |a 8935086809532 
041 |a eng 
082 |a 942.803  |b DI-C 
100 |a Charles Dickens 
245 4 |a The Christmas Carol :  |b Ca Khúc Giáng Sinh /  |c Charles Dickens. 
260 |a Văn Hóa sài Gòn,  |c 2009. 
300 |a 103tr. : ;  |c 20,5cm. 
650 |a The Christmas Carol 
653 |a Giáng Sinh  |a Christmas 
OWN |a LNN 
902 |a TKA 
AVA |a UDN50  |b LNN  |c English  |d 942.803 DI-C  |e available  |t Error 5001 Not defined in file expand_doc_bib_avail.  |f 4  |g 0  |h N  |i 0  |j AN 
999 |a From the UDN01 
AVA |a UDN50  |b LNN  |c English  |d 942.803 DI-C  |e available  |t Error 5001 Not defined in file expand_doc_bib_avail.  |f 4  |g 0  |h N  |i 0  |j AN 
TYP |a Monograph 
TYP |a Printed language 
980 |a Mạng thư viện Đại học Đà Nẵng